书目信息 |
| 题名: |
皈依
|
|
| 作者: | 萧乾, 著 | |
| 分册: | ||
| 出版信息: | 北京 京华出版社 2009.04 |
|
| 页数: | 200页 | |
| 开本: | 23cm | |
| 丛书名: | 感悟名家经典小说 | |
| 单 册: | ||
| 中图分类: | I247.7 | |
| 科图分类: | ||
| 主题词: | 短篇小说--Duan Pian Xiao Shuo--中国--当代--选集 | |
| 电子资源: | ||
| ISBN: | 978-7-80724-068-6 | |
| 000 | 01204nam 2200301 450 | |
| 001 | CAL 012005092537 | |
| 005 | 20111231094702.68 | |
| 010 | @a978-7-80724-068-6@dCNY24.80 | |
| 099 | @aCAL 012005092537 | |
| 100 | @a20050716d2009 ekmy0chiy0121 ea | |
| 101 | 0 | @achi |
| 102 | @aCN@b110000 | |
| 105 | @ay z 000ay | |
| 200 | 1 | @a皈依@AGui Yi@f萧乾著 |
| 205 | @a第2版 | |
| 210 | @a北京@c京华出版社@d2009.04 | |
| 215 | @a200页@d23cm | |
| 225 | 2 | @a感悟名家经典小说@AGan Wu Ming Jia Jing Dian Xiao Shuo |
| 314 | @a萧乾 (1910-1999),原名萧秉乾,生于北京,蒙古族。1933年就读于燕京大学新闻系,并发表短篇小说处女作《蚕》。主要作品有:短篇小说集《篱下集》,《栗子》,特写集《人生采访》,长篇小说《梦之谷》,回忆录《未带地图的旅人》。 | |
| 330 | @a本书为萧乾的中篇小说集,收录了《蚕》、《邮票》、《俘虏》、《篱下》等16篇。《皈依》描写的是反宗教的“救世军”在老北京贫民窟收买人们灵魂以及觉醒的民族主义者反抗的故事。 | |
| 333 | @a文学爱好者 | |
| 410 | 0 | @12001 @a感悟名家经典小说 |
| 606 | 0 | @a短篇小说@ADuan Pian Xiao Shuo@y中国@z当代@j选集 |
| 690 | @aI247.7@v4 | |
| 701 | 0 | @a萧乾,@AXiao Qian@f1910-1999@4著 |
| 801 | 0 | @aCN@bBUA@c20111231 |
| 905 | @aZUCC@dI247.7@eX334=2@f3 | |
| 998 | @aBUA | |
| 皈依/萧乾著.-第2版.-北京:京华出版社,2009.04 |
| 200页;23cm.-(感悟名家经典小说) |
| 使用对象:文学爱好者 |
| ISBN 978-7-80724-068-6:CNY24.80 |
| 本书为萧乾的中篇小说集,收录了《蚕》、《邮票》、《俘虏》、《篱下》等16篇。《皈依》描写的是反宗教的“救世军”在老北京贫民窟收买人们灵魂以及觉醒的民族主义者反抗的故事。 |
| ● |
| 相关链接 |
|
|
|
正题名:皈依
索取号:I247.7/X334=2
 
预约/预借
| 序号 | 登录号 | 条形码 | 馆藏地/架位号 | 状态 | 备注 |
| 1 | 1193939 | 211939394 | 文学库108/108文学库 61排1列2层/ [索取号:I247.7/X334=2] | 在馆 | |
| 2 | 1193940 | 211939401 | 文学库108/108文学库 61排1列2层/ [索取号:I247.7/X334=2] | 在馆 | |
| 3 | 1193941 | 211939410 | 文学库108/108文学库 61排1列2层/ [索取号:I247.7/X334=2] | 在馆 |